000 01055nam2a22002651 4500
001 RU\NLR\INFOCOMM18\1000111099
005 20250617041708.0
035 _a(NLR Aleph) 002440305
090 _a2073049
_c2073049
100 _a20040421d2000 |||y0rusy50 ca
101 0 _arus
102 _aRU
105 _ay |||||||||
200 1 _aРыночные реформы в Африке
_fГ.О. Витухина, И.В. Черкасова
210 _d2000
_aБ. м.
461 0 _1001RU\NLR\INFOCOMM18\1000111080
_12001#$aУченые записки$fРос. акад. наук. Ин-т Африки$vВып.22
_92072875
_aИнститут Африки (Москва)
_cМ.
_d1998 -
_fРос. акад. наук. Ин-т Африки
_nИн-т Африки
_tУченые записки
_x2412-5717
_vВып.22
700 1 _aВитухина
_bГ.О.
_4070
701 1 _aЧеркасова
_bИ.В.
_4070
801 1 _aRU
_bInfoComm
_c20040421
801 0 _aRU
_bNLR
_gPSBO
852 _aNLR
_jП22/7099
942 _cISSUE
980 _aNB
980 _aRUSPER